ՀՀ Գիտությունների ազգային ակադեմիայի հիմնարար գիտական գրադարան  =   Fundamental Scientific Library of NAS RA

Յաւերժահարսը : (Record no. 89534)

MARC details
000 -LEADER
fixed length control field 00826nam a2200193 a 4500
001 - CONTROL NUMBER
control field 000250159
003 - CONTROL NUMBER IDENTIFIER
control field AM-YeHGA
005 - DATE AND TIME OF LATEST TRANSACTION
control field 20250618071658.0
008 - FIXED-LENGTH DATA ELEMENTS--GENERAL INFORMATION
fixed length control field 030724s1902 gs r 000 0 arm d
040 ## - CATALOGING SOURCE
Original cataloging agency AM-YeHGA
090 ## - LOCALLY ASSIGNED LC-TYPE CALL NUMBER (OCLC); LOCAL CALL NUMBER (RLIN)
-- 90823
100 1# - MAIN ENTRY--PERSONAL NAME
Personal name Պուշկին, Ալեքսանդր Սերգեևիչ.
9 (RLIN) 6684
245 10 - TITLE STATEMENT
Title Յաւերժահարսը :
Remainder of title (Պօէմա) /
Statement of responsibility, etc. Ալ. Պուշկին; Թարգմ.՝ Կ. Կրասիլնիկեան; Մուրճ ամսագրի հրատ.
260 ## - PUBLICATION, DISTRIBUTION, ETC.
Place of publication, distribution, etc. Թիֆլիս :
Name of publisher, distributor, etc. Տպ. Վրաց. հրատարակչական ընկերություն,
Date of publication, distribution, etc. 1902.
300 ## - PHYSICAL DESCRIPTION
Extent 40 էջ ;
Dimensions 18 սմ.
650 14 - SUBJECT ADDED ENTRY--TOPICAL TERM
Topical term or geographic name entry element Ռուս գրականություն
General subdivision Պոեմ
700 1# - ADDED ENTRY--PERSONAL NAME
Personal name Կրասիլնիկեան, Կոնստանդին
Relator term թարգմ.
Relationship trl
710 2# - ADDED ENTRY--CORPORATE NAME
Corporate name or jurisdiction name as entry element Մուրճ ամսագրի հրատարակչություն
Holdings
Withdrawn status Lost status Damaged status Not for loan Collection Home library Current library Date acquired Total checkouts Full call number Barcode Date last seen Cost, replacement price Price effective from Koha item type Public note
        General Fundamental Scientific Library Fundamental Scientific Library 22/12/2016   AI/3513 FL0037801 22/12/2016 15.00 22/12/2016 Գրքեր / Books 30 Days Loan


ՀՀ ԳԱԱ հիմնարար գիտական գրադարան
ՀՀ,Երևան 0019
Մարշալ Բաղրամյան 24/6
հեռախոս:(374-10) 52-47-50
Հետադարձ կապ

All site content, except where otherwise noted, is licensed under a
Creative Commons License